Abbatis Panormitani Commentaria PIn Tertium Decretalium Librum. Quamplurium Iurisconsultorum, qui probe hucusque aliquid ijs addidisse apparuerunt, Adnotationibus illustrata. Hac postera vero editione recognita, atque ab innumeris erroribus, quibus ob temporis vetustatem, Л librariorum recentem iniuriam vbiq; deprauata, mutila passim, Л plerisque in locis decurtata vsque adeo deprehendebantur, vt nullus plane sensus esset, tam in textu, quàm in allegationibus, summo studio vindicata, Л integritati suae restituta. Quibus praeter eiusdem Panormitani Qvaestionem quandam in Parmensi Gymnasio disputatam, Repetitionem in c. Per tuas. De arbitris, In Alma Bononiensi Academia editam, Et Interpretationem ad Clementinas epistolas, quae tamen omnes in veteribus codicibus reperiebantur. Profecto his nostris typis accessit Practica eiusdem Panormitani, vt Pontificij Л Caesarei iuris studiosi Theoricam haberent coniunctam cum praxi in omnibus ferè curijs obseruari consueta

Bibliographic Details
Main Author: Tedeschi, Niccolò, 1386-1445 (Author)
Other Authors: Giunta, Luca Antonio, mladší, 1540-1602 (Printer)
Format: Book
Language:Latin
PhysicalDescription:284 listov 8°
Subjects:

MARC

LEADER 00000nam a2200000 4500
001 vtls012244302
003 SK-MaSNL
005 20260301220011.0
008 251112s it f 000 0 lat
015 |a SNBHFA 
040 |a SNKHF  |b slo  |c SNKHF  |e rda 
041 0 |a lat 
044 |a gw  |c DE 
072 7 |a 2-1  |x Prirodzená teológia. Náboženská filozofia  |2 konspekt 
080 |a 2-1  |2 2011 
080 |a 34  |2 2011 
080 |a 94(3)  |2 2011 
100 1 |a Tedeschi, Niccolò,  |d 1386-1445  |4 aut  |9 130879 
245 1 0 |a Abbatis Panormitani Commentaria PIn Tertium Decretalium Librum. Quamplurium Iurisconsultorum, qui probe hucusque aliquid ijs addidisse apparuerunt, Adnotationibus illustrata. Hac postera vero editione recognita, atque ab innumeris erroribus, quibus ob temporis vetustatem, Л librariorum recentem iniuriam vbiq; deprauata, mutila passim, Л plerisque in locis decurtata vsque adeo deprehendebantur, vt nullus plane sensus esset, tam in textu, quàm in allegationibus, summo studio vindicata, Л integritati suae restituta. Quibus praeter eiusdem Panormitani Qvaestionem quandam in Parmensi Gymnasio disputatam, Repetitionem in c. Per tuas. De arbitris, In Alma Bononiensi Academia editam, Et Interpretationem ad Clementinas epistolas, quae tamen omnes in veteribus codicibus reperiebantur. Profecto his nostris typis accessit Practica eiusdem Panormitani, vt Pontificij Л Caesarei iuris studiosi Theoricam haberent coniunctam cum praxi in omnibus ferè curijs obseruari consueta 
264 3 |a Venetiis  |b Apud Iuntas  |c MDLXXXII (1582) 
300 |a 284 listov  |c 8° 
336 |a text  |b txt  |2 rdacontent 
337 |a bez média  |b n  |2 rdamedia 
338 |a zväzok  |b nc  |2 rdacarrier 
500 |a Signety, iniciálky s ornamentálnym a figurálnym pozadím v rámčeku a vo voľnom priestore na 3, 4, 10 riadkov, titulný list s červeno-čiernou tlačou, rubriky, typografické ozdoby 
504 |a Kustody, poznámky pod čiarou 
546 |a Latinčina  |b Kurzíva 
561 |a Proveniencia:vlepený tlačený exlibris s erbom a textom A° 1800. Gabriel Zerdahelyi De Nitra Zerdahely Eppus. Neoszoliensis  |5 SNK IA 860 
563 |a Väzba: svetlohnedá koža, poškodená.  |5 SNK IA 860 
650 0 7 |a teológia  |2 SNKPH  |9 1814 
650 0 7 |a právo  |2 SNKPH  |9 976 
650 0 7 |a starovek  |2 SNKPH  |9 4258 
700 1 |a Giunta, Luca Antonio,  |c mladší,  |d 1540-1602  |4 prt  |9 127913 
700 1 |a Serdaheli, Gabriel,  |d 1742-1813  |4 fmo  |9 52306 
752 |a Taliansko  |d Benátky 
852 |a snk  |b Historické fondy  |h IA 860 
958 |a DA 
958 |a ONDV 
999 |c 930249  |d 932179 
952 |t Tlače 16. storočia  |a SNK  |b SNK  |c SNK_HF  |y PREZ  |7 0  |p 17A1400370  |o snkIA 860  |i snkF 1703/91  |8 5  |0 0  |1 0  |4 0  |d 2023-11-20  |l 0  |r 2026-02-24 08:46:04  |w 2026-02-24